[Event "43. Olimpiada Batumi 2018 Femenina"]
[Site "Batumi GEO"]
[Date "2018.09.28"]
[Round "5.4"]
[White "Nguyen, Thi Mai Hung"]
[Black "Zahedifar, Anahita"]
[Result "1-0"]
[WhiteElo "2244"]
[BlackElo "2101"]
[PlyCount "125"]
[EventDate "2018.09.24"]
[EventType "team-swiss"]
[EventRounds "11"]
[EventCountry "GEO"]
[SourceTitle "Ajedrez en Madrid"]
[Source "lmi"]
[SourceDate "2018.09.24"]
[WhiteTeam "Vietnam"]
[BlackTeam "Iran"]
[WhiteTeamCountry "VIE"]
[BlackTeamCountry "IRI"]

1. d4 d5 2. c4 c6 3. Nf3 Nf6 4. Qc2 dxc4 5. Qxc4 Bf5 6. g3 e6 7. Bg2 Nbd7 8.
O-O Be7 9. e3 O-O 10. Rd1 Qc7 11. Qe2 e5 12. dxe5 Nxe5 13. Nd4 Bg4 14. f3 Bd7
15. e4 c5 16. Nf5 Bxf5 17. exf5 Nc6 18. Bf4 Qc8 19. g4 Re8 20. Qf1 Nd4 21. Nc3
Bd8 22. Rac1 Ba5 23. Ne4 Nxe4 24. fxe4 Nc6 25. Bd6 Bc7 26. Bxc5 Qb8 27. h3 Bh2+
28. Kh1 Be5 29. b3 a5 30. Qb5 Bf4 31. Rb1 Qc7 32. Rd5 Rac8 33. Rbd1 Ne5 34. Bd6
Qc3 35. Bxe5 Bxe5 36. R5d3 Qb4 37. Qxb4 axb4 38. Rd7 b6 39. Bf1 Kf8 40. Rb7 Rb8
41. Rbd7 Re7 42. Bc4 Rb7 43. Rd8+ Re8 44. R8d5 Bf6 45. Bb5 Re5 46. g5 Rxd5 47.
exd5 Bxg5 48. d6 Rb8 49. Re1 g6 50. d7 Rd8 51. Re8+ Kg7 52. fxg6 fxg6 53. Re4
h5 54. Rxb4 Be7 55. Rc4 g5 56. Rc8 Kf8 57. a4 Bf6 58. Rc6 Bd4 59. Re6 Kf7 60.
Re8 Bf6 61. b4 Be7 62. a5 bxa5 63. bxa5 1-0

[Event "43. Olimpiada Batumi 2018 Femenina"]
[Site "Batumi GEO"]
[Date "2018.09.28"]
[Round "5.1"]
[White "Heredia Serrano, Carla"]
[Black "Zimina, Olga"]
[Result "1/2-1/2"]
[WhiteElo "2159"]
[BlackElo "2421"]
[PlyCount "126"]
[EventDate "2018.09.24"]
[EventType "team-swiss"]
[EventRounds "11"]
[EventCountry "GEO"]
[SourceTitle "Ajedrez en Madrid"]
[Source "lmi"]
[SourceDate "2018.09.24"]
[WhiteTeam "Ecuador"]
[BlackTeam "Italy"]
[WhiteTeamCountry "ECU"]
[BlackTeamCountry "ITA"]

1. e4 c6 2. d4 d5 3. e5 Bf5 4. Nf3 e6 5. Be2 Nd7 6. O-O Bg6 7. Nbd2 Nh6 8. Nb3
Be7 9. a4 a5 10. Bd2 Nf5 11. g4 Nh6 12. h3 O-O 13. Qc1 Kh8 14. Ne1 c5 15. f4 c4
16. Nxa5 Rxa5 17. Bxa5 Qxa5 18. c3 Be4 19. Ng2 Ra8 20. Ne3 Qd8 21. Bd1 Bd3 22.
Rf3 Bh4 23. Ng2 Be7 24. Ne3 Ng8 25. Bc2 Bxc2 26. Qxc2 b5 27. Rff1 b4 28. f5 Bg5
29. Ng2 Qb6 30. h4 Be7 31. Kh2 Nh6 32. Kh3 exf5 33. gxf5 g6 34. fxg6 Qe6+ 35.
Kh2 hxg6 36. Qe2 Ra5 37. Qf3 Kg7 38. Nf4 Qg4 39. Qxg4 Nxg4+ 40. Kh3 Ne3 41. Rf3
Nf5 42. h5 g5 43. Ng2 Nh6 44. Ne3 Nf8 45. Nf5+ Nxf5 46. Rxf5 Ne6 47. Kg4 bxc3
48. bxc3 Nd8 49. Ra2 Ne6 50. Ra1 Kg8 51. Ra2 Nf4 52. Ra1 Ng2 53. Kg3 Nf4 54.
Kg4 Ra6 55. Ra2 Kg7 56. Rb2 Ra7 57. Rb5 Bd8 58. Rb8 Ne6 59. Rb2 Ba5 60. Rf3 Bd8
61. Rf5 Ba5 62. Rf3 Bd8 63. Rf5 Ba5 1/2-1/2

[Event "43. Olimpiada Batumi 2018 Femenina"]
[Site "Batumi GEO"]
[Date "2018.09.28"]
[Round "5.2"]
[White "Di Benedetto, Desiree"]
[Black "Ortiz Verdesoto, Anahi"]
[Result "1-0"]
[WhiteElo "2321"]
[BlackElo "1954"]
[PlyCount "85"]
[EventDate "2018.09.24"]
[EventType "team-swiss"]
[EventRounds "11"]
[EventCountry "GEO"]
[SourceTitle "Ajedrez en Madrid"]
[Source "lmi"]
[SourceDate "2018.09.24"]
[WhiteTeam "Italy"]
[BlackTeam "Ecuador"]
[WhiteTeamCountry "ITA"]
[BlackTeamCountry "ECU"]

1. d4 d5 2. Bf4 Nf6 3. e3 e6 4. Nf3 Be7 5. Ne5 Nbd7 6. Bd3 c5 7. c3 Nxe5 8.
dxe5 Nd7 9. Nd2 Qc7 10. Nf3 b6 11. e4 Bb7 12. exd5 Bxd5 13. c4 Bb7 14. Qe2 Nb8
15. Be4 Nc6 16. O-O-O O-O 17. Kb1 Rad8 18. h4 Rxd1+ 19. Rxd1 Rd8 20. Bg5 h6 21.
Bxe7 Qxe7 22. Rxd8+ Qxd8 23. a3 Qd7 24. Kc2 a6 25. Qd3 Qxd3+ 26. Kxd3 Kf8 27.
g3 Ke7 28. Bxc6 Bxc6 29. Nd2 f5 30. b4 cxb4 31. axb4 a5 32. bxa5 bxa5 33. Nb3
a4 34. Nd4 Kd7 35. Kc3 Bg2 36. Kb4 Bf1 37. c5 Bg2 38. Kxa4 Bd5 39. Kb5 Kc7 40.
c6 g5 41. hxg5 hxg5 42. Kc5 Kd8 43. Kd6 1-0

[Event "43. Olimpiada Batumi 2018 Femenina"]
[Site "Batumi GEO"]
[Date "2018.09.28"]
[Round "5.3"]
[White "Romero Echeverria, Abigail"]
[Black "Brunello, Marina"]
[Result "0-1"]
[WhiteElo "2034"]
[BlackElo "2294"]
[PlyCount "130"]
[EventDate "2018.09.24"]
[EventType "team-swiss"]
[EventRounds "11"]
[EventCountry "GEO"]
[SourceTitle "Ajedrez en Madrid"]
[Source "lmi"]
[SourceDate "2018.09.24"]
[WhiteTeam "Ecuador"]
[BlackTeam "Italy"]
[WhiteTeamCountry "ECU"]
[BlackTeamCountry "ITA"]

1. e4 c5 2. Nf3 d6 3. c3 Nf6 4. Be2 g6 5. O-O Bg7 6. Bb5+ Bd7 7. Bxd7+ Nbxd7 8.
Re1 O-O 9. d4 e6 10. Bf4 d5 11. exd5 Nxd5 12. Bd6 Re8 13. dxc5 Qc8 14. Na3 Nxc5
15. Be5 f6 16. Bd4 a5 17. Nb5 Qc6 18. c4 Nf4 19. Bxc5 Qxc5 20. Qd4 Qf5 21. Re4
e5 22. Rxf4 Qxf4 23. Qxf4 exf4 24. Nc7 f5 25. Rb1 Rad8 26. Nxe8 Rxe8 27. Kf1
Bf6 28. b3 Kf7 29. Rd1 g5 30. Rd5 g4 31. Nd4 Kg6 32. Ne2 Be5 33. Rxa5 f3 34.
gxf3 gxf3 35. Rxe5 Rxe5 36. Nd4 Re4 37. Nxf3 Kf6 38. Nd2 Re7 39. f4 Re3 40. Kf2
Rc3 41. Ke2 Kg6 42. b4 Kf6 43. a4 Ra3 44. a5 Ra4 45. Kd3 Rxb4 46. Kc3 Ra4 47.
Nb3 Ra2 48. h3 Rh2 49. Nc5 Rxh3+ 50. Kd4 Ra3 51. Nxb7 h5 52. c5 h4 53. c6 Ke6
54. Kc5 h3 55. Kb6 Rxa5 56. Nxa5 h2 57. Nb7 h1=Q 58. Nc5+ Kd6 59. Nb7+ Ke7 60.
Kc7 Qe4 61. Nd8 Qxf4+ 62. Kc8 Qc4 63. c7 Qa6+ 64. Kb8 Kd7 65. Nb7 Qc6 0-1

[Event "43. Olimpiada Batumi 2018 Femenina"]
[Site "Batumi GEO"]
[Date "2018.09.28"]
[Round "5.4"]
[White "Movileanu, Daniela"]
[Black "Sarmiento Robles, Paula"]
[Result "1-0"]
[WhiteElo "2168"]
[BlackElo "1750"]
[PlyCount "79"]
[EventDate "2018.09.24"]
[EventType "team-swiss"]
[EventRounds "11"]
[EventCountry "GEO"]
[SourceTitle "Ajedrez en Madrid"]
[Source "lmi"]
[SourceDate "2018.09.24"]
[WhiteTeam "Italy"]
[BlackTeam "Ecuador"]
[WhiteTeamCountry "ITA"]
[BlackTeamCountry "ECU"]

1. e4 e6 2. d4 d5 3. Nd2 c5 4. exd5 Qxd5 5. dxc5 Bxc5 6. Ngf3 Nf6 7. Bc4 Qc6 8.
Qe2 a6 9. Nb3 Bd6 10. Nbd4 Qc7 11. Bg5 Nc6 12. Bxf6 gxf6 13. O-O-O Ne5 14. Bb3
Bd7 15. Nd2 O-O-O 16. Ne4 Be7 17. Kb1 Nc6 18. Nf3 Na5 19. Nd4 Nc6 20. Nc3 f5
21. Qh5 Nxd4 22. Rxd4 Bc5 23. Rd2 Bc6 24. Rhd1 Rxd2 25. Rxd2 Qf4 26. Rd1 Qc7
27. f3 Qe7 28. a3 Ba7 29. Rd3 Qf6 30. g3 Qg6 31. Qh4 Bb6 32. Ba4 Bxa4 33. Nxa4
Bc7 34. Rc3 Kb8 35. Nc5 Bd6 36. Nxa6+ bxa6 37. Qd4 e5 38. Qb6+ Ka8 39. Qxa6+
Kb8 40. Qb5+ 1-0

[Event "43. Olimpiada Batumi 2018 Femenina"]
[Site "Batumi GEO"]
[Date "2018.09.28"]
[Round "5.1"]
[White "Rogule, Laura"]
[Black "Baciu, Diana"]
[Result "1-0"]
[WhiteElo "2268"]
[BlackElo "2266"]
[PlyCount "63"]
[EventDate "2018.09.24"]
[EventType "team-swiss"]
[EventRounds "11"]
[EventCountry "GEO"]
[SourceTitle "Ajedrez en Madrid"]
[Source "lmi"]
[SourceDate "2018.09.24"]
[WhiteTeam "Latvia"]
[BlackTeam "Moldova"]
[WhiteTeamCountry "LAT"]
[BlackTeamCountry "MDA"]

1. c4 e5 2. g3 Nf6 3. Bg2 d5 4. cxd5 Nxd5 5. Nc3 Nb6 6. e3 Be7 7. Nge2 c6 8.
O-O Bg4 9. h3 Bh5 10. d4 exd4 11. exd4 Na6 12. d5 cxd5 13. g4 Bg6 14. Nf4 Nc7
15. Be3 Qd6 16. Re1 O-O 17. Rc1 Bh4 18. Ncxd5 Ncxd5 19. Nxd5 Nxd5 20. Qxd5 Qxd5
21. Bxd5 Rad8 22. Bxb7 f5 23. Rc7 fxg4 24. hxg4 h5 25. gxh5 Bxh5 26. Bg2 Rde8
27. Rec1 Rf6 28. R1c4 g5 29. Bd5+ Bf7 30. Rxf7 Rxf7 31. Rc7 Ref8 32. Bc5 1-0

[Event "43. Olimpiada Batumi 2018 Femenina"]
[Site "Batumi GEO"]
[Date "2018.09.28"]
[Round "5.2"]
[White "Petrenko, Svetlana"]
[Black "Berzina, Ilze"]
[Result "1/2-1/2"]
[WhiteElo "2156"]
[BlackElo "2218"]
[PlyCount "144"]
[EventDate "2018.09.24"]
[EventType "team-swiss"]
[EventRounds "11"]
[EventCountry "GEO"]
[SourceTitle "Ajedrez en Madrid"]
[Source "lmi"]
[SourceDate "2018.09.24"]
[WhiteTeam "Moldova"]
[BlackTeam "Latvia"]
[WhiteTeamCountry "MDA"]
[BlackTeamCountry "LAT"]

1. c4 c6 2. d4 d5 3. Qc2 Nf6 4. Nf3 Bg4 5. Nbd2 e6 6. e3 Bf5 7. Bd3 Bxd3 8.
Qxd3 Nbd7 9. O-O Bd6 10. e4 dxe4 11. Nxe4 Nxe4 12. Qxe4 Nf6 13. Qe2 h6 14. b3
O-O 15. Bb2 Qe7 16. Rad1 Rad8 17. Rd3 Nh5 18. g3 Nf6 19. Rfd1 Rfe8 20. Ne5 Qc7
21. f4 c5 22. Kg2 Be7 23. Qf3 h5 24. h3 Bf8 25. g4 cxd4 26. gxh5 Nd7 27. Bxd4
Nxe5 28. Bxe5 Qa5 29. a4 Rxd3 30. Qxd3 f6 31. Bxf6 Qxh5 32. Bg5 e5 33. Re1 exf4
34. Rxe8 Qxe8 35. Bxf4 b6 36. h4 Bc5 37. Bg3 Qc8 38. Qf3 Qe8 39. h5 Be3 40.
Qd5+ Kh8 41. Qf5 Bh6 42. Qf3 Qd7 43. Bf4 Bxf4 44. Qxf4 Qd1 45. Qf8+ Kh7 46.
Qf5+ Kh8 47. Qf3 Qc2+ 48. Kg3 Kh7 49. Kg4 Qd2 50. Qe4+ Kh8 51. Qa8+ Kh7 52. Qd5
Qe3 53. Qf3 Qg1+ 54. Kh4 Qh2+ 55. Kg5 Qg1+ 56. Kf5 Kh6 57. Ke6 Qg5 58. b4 Qd8
59. Qf7 Qc8+ 60. Ke5 Qb8+ 61. Kf5 Kh7 62. Qg6+ Kh8 63. Qe6 Kh7 64. Ke4 Qh2 65.
Qg6+ Kh8 66. Kd5 Qd2+ 67. Ke6 Qxb4 68. Qe8+ Kh7 69. Qg6+ Kh8 70. Qe8+ Kh7 71.
Qg6+ Kh8 72. Qe8+ Kh7 1/2-1/2

[Event "43. Olimpiada Batumi 2018 Femenina"]
[Site "Batumi GEO"]
[Date "2018.09.28"]
[Round "5.3"]
[White "Otikova, Elina"]
[Black "Partac, Elena"]
[Result "1/2-1/2"]
[WhiteElo "2123"]
[BlackElo "2051"]
[PlyCount "98"]
[EventDate "2018.09.24"]
[EventType "team-swiss"]
[EventRounds "11"]
[EventCountry "GEO"]
[SourceTitle "Ajedrez en Madrid"]
[Source "lmi"]
[SourceDate "2018.09.24"]
[WhiteTeam "Latvia"]
[BlackTeam "Moldova"]
[WhiteTeamCountry "LAT"]
[BlackTeamCountry "MDA"]

1. e4 c5 2. Nf3 e6 3. d4 cxd4 4. Nxd4 Nf6 5. Nc3 Nc6 6. Ndb5 Bb4 7. a3 Bxc3+ 8.
Nxc3 d5 9. exd5 exd5 10. Qe2+ Be6 11. Bg5 h6 12. Bh4 Qe7 13. O-O-O O-O-O 14.
Qb5 g5 15. Bg3 Nh5 16. Bd3 Nxg3 17. hxg3 d4 18. Ne4 Rd5 19. Qb3 Rc5 20. Nxc5
Bxb3 21. Nxb3 Qf6 22. f3 h5 23. g4 hxg4 24. Rxh8+ Qxh8 25. fxg4 Qe5 26. Kb1 a5
27. Rf1 Kb8 28. Rxf7 a4 29. Nc1 Qg3 30. Be4 Qxg4 31. Bf3 Qh4 32. Nd3 g4 33. Be4
Na5 34. Nc5 Qh1+ 35. Ka2 Qh6 36. Bxb7 Nxb7 37. Rxb7+ Kc8 38. Rb4 Qd2 39. Rc4
Qxg2 40. Ne4+ Kb8 41. Rb4+ Kc7 42. Rxd4 Qxc2 43. Rb4 Kc6 44. Ka1 Qd3 45. Ka2
Qd5+ 46. Ka1 Qd1+ 47. Ka2 Qd5+ 48. Ka1 Qd1+ 49. Ka2 Qd5+ 1/2-1/2

[Event "43. Olimpiada Batumi 2018 Femenina"]
[Site "Batumi GEO"]
[Date "2018.09.28"]
[Round "5.4"]
[White "Gitu, Paula-Alexandra"]
[Black "Limanovska, Elizabete"]
[Result "1/2-1/2"]
[WhiteElo "2026"]
[BlackElo "2064"]
[PlyCount "110"]
[EventDate "2018.09.24"]
[EventType "team-swiss"]
[EventRounds "11"]
[EventCountry "GEO"]
[SourceTitle "Ajedrez en Madrid"]
[Source "lmi"]
[SourceDate "2018.09.24"]
[WhiteTeam "Moldova"]
[BlackTeam "Latvia"]
[WhiteTeamCountry "MDA"]
[BlackTeamCountry "LAT"]

1. e4 c5 2. Nf3 d6 3. d4 cxd4 4. Qxd4 Nc6 5. Bb5 Bd7 6. Bxc6 Bxc6 7. Nc3 e5 8.
Qd3 h6 9. Nd2 Nf6 10. Nc4 Be7 11. Ne3 Bd7 12. O-O O-O 13. Rd1 Be6 14. f3 a6 15.
a4 Qc7 16. b3 Rac8 17. Bb2 Rfd8 18. Rd2 Bf8 19. Rad1 Qc5 20. Kh1 h5 21. Re2 g6
22. Ncd5 Nxd5 23. Nxd5 Bxd5 24. Qxd5 Qxd5 25. Rxd5 Rc5 26. Red2 Rdc8 27. Rxc5
Rxc5 28. c4 f6 29. Ba3 Rc6 30. Rd5 Kf7 31. Kg1 Ke6 32. Kf2 Be7 33. Ke3 f5 34.
g3 fxe4 35. fxe4 Rc8 36. Rd1 Rf8 37. h4 Rf7 38. Ke2 Rf8 39. Rf1 Rxf1 40. Kxf1
g5 41. hxg5 Bxg5 42. Ke2 Kd7 43. b4 Kc6 44. b5+ Kd7 45. Bb2 axb5 46. axb5 Bd8
47. Bc3 Ke6 48. Kf3 Bg5 49. Bb4 Bc1 50. Ke2 Bb2 51. Kf3 Bd4 52. Be1 Kd7 53. g4
hxg4+ 54. Kxg4 Kc7 55. Ba5+ b6 1/2-1/2

[Event "43. Olimpiada Batumi 2018 Femenina"]
[Site "Batumi GEO"]
[Date "2018.09.28"]
[Round "5.1"]
[White "Tokhirjonova, Gulrukhbegim"]
[Black "Mona, Khaled"]
[Result "1-0"]
[WhiteElo "2369"]
[BlackElo "2157"]
[PlyCount "61"]
[EventDate "2018.09.24"]
[EventType "team-swiss"]
[EventRounds "11"]
[EventCountry "GEO"]
[SourceTitle "Ajedrez en Madrid"]
[Source "lmi"]
[SourceDate "2018.09.24"]
[WhiteTeam "Uzbekistan"]
[BlackTeam "Egypt"]
[WhiteTeamCountry "UZB"]
[BlackTeamCountry "EGY"]

1. e4 e5 2. Nf3 Nc6 3. Bb5 a6 4. Ba4 Nf6 5. O-O Be7 6. Re1 b5 7. Bb3 O-O 8. d4
exd4 9. e5 Ne8 10. Bd5 Rb8 11. Nxd4 Nxd4 12. Qxd4 c6 13. Bf3 d5 14. exd6 Bxd6
15. Bf4 Bb7 16. b4 Qc7 17. Bxd6 Nxd6 18. Nd2 Rbd8 19. Nb3 Nc4 20. Qc3 Bc8 21.
a4 Be6 22. Nc5 Qc8 23. axb5 axb5 24. Nxe6 fxe6 25. Bg4 Rde8 26. Ra7 Rf6 27. Qd4
Qd8 28. Rd7 Qb6 29. Rxe6 Ra8 30. Rxg7+ Kh8 31. Qxf6 1-0

[Event "43. Olimpiada Batumi 2018 Femenina"]
[Site "Batumi GEO"]
[Date "2018.09.28"]
[Round "5.2"]
[White "Wafa, Shrook"]
[Black "Gevorgyan, Irina"]
[Result "1/2-1/2"]
[WhiteElo "2136"]
[BlackElo "2265"]
[PlyCount "120"]
[EventDate "2018.09.24"]
[EventType "team-swiss"]
[EventRounds "11"]
[EventCountry "GEO"]
[SourceTitle "Ajedrez en Madrid"]
[Source "lmi"]
[SourceDate "2018.09.24"]
[WhiteTeam "Egypt"]
[BlackTeam "Uzbekistan"]
[WhiteTeamCountry "EGY"]
[BlackTeamCountry "UZB"]

1. e4 c6 2. d4 d5 3. Nc3 dxe4 4. Nxe4 Bf5 5. Ng3 Bg6 6. Nf3 Nd7 7. Bd3 e6 8.
O-O Ngf6 9. c4 Bd6 10. Bg5 Qc7 11. Re1 O-O 12. Bxg6 hxg6 13. Qd2 Rfe8 14. c5
Bxg3 15. hxg3 Nd5 16. Bf4 Nxf4 17. gxf4 Rad8 18. Qe3 Nf6 19. Ne5 Nd7 20. Nc4
Nf6 21. Nd6 Re7 22. Rad1 Red7 23. a3 a5 24. g3 b6 25. b4 axb4 26. axb4 Nd5 27.
Qa3 Qa7 28. Qb3 Ra8 29. Ra1 Qxa1 30. Rxa1 Rxa1+ 31. Kg2 b5 32. Qf3 Rda7 33. Qe4
R1a2 34. Qe5 Ra8 35. Ne4 Nxb4 36. Qd6 Re2 37. Kf3 Re1 38. Ng5 Rf8 39. Kg2 Re8
40. Qd7 Rf8 41. Nf3 Rd1 42. Ne5 Rd2 43. Kf3 Nd5 44. Nxc6 b4 45. Qb7 Kh7 46. g4
g5 47. f5 Rb2 48. Ne5 Rb3+ 49. Kg2 Nf4+ 50. Kh2 Rb2 51. Nxf7 exf5 52. Nxg5+ Kg6
53. Kg3 Ne2+ 54. Kg2 fxg4 55. Ne6 Nf4+ 56. Nxf4+ Rxf4 57. c6 Rbxf2+ 58. Kg3
R2f3+ 59. Kg2 Rf2+ 60. Kg3 R2f3+ 1/2-1/2

[Event "43. Olimpiada Batumi 2018 Femenina"]
[Site "Batumi GEO"]
[Date "2018.09.28"]
[Round "5.3"]
[White "Nadirjanova, Nodira"]
[Black "Wafa, Shahenda"]
[Result "1-0"]
[WhiteElo "2167"]
[BlackElo "2129"]
[PlyCount "101"]
[EventDate "2018.09.24"]
[EventType "team-swiss"]
[EventRounds "11"]
[EventCountry "GEO"]
[SourceTitle "Ajedrez en Madrid"]
[Source "lmi"]
[SourceDate "2018.09.24"]
[WhiteTeam "Uzbekistan"]
[BlackTeam "Egypt"]
[WhiteTeamCountry "UZB"]
[BlackTeamCountry "EGY"]

1. d4 f5 2. g3 Nf6 3. Bg2 g6 4. Nh3 Bg7 5. Nf4 O-O 6. h4 Qe8 7. h5 c6 8. hxg6
hxg6 9. Nc3 d5 10. Qd3 Na6 11. Nb1 Ne4 12. a3 b5 13. Nd2 e5 14. dxe5 Nac5 15.
Qe3 Bxe5 16. Bxe4 Nxe4 17. Rh6 Rf6 18. Nd3 Bd6 19. b4 Re6 20. Qd4 Nf6 21. e3
Bf8 22. Rh1 Bg7 23. Bb2 Nh5 24. Qh4 Bxb2 25. Nxb2 a5 26. Ke2 Ra7 27. Nd3 Rh7
28. Nc5 g5 29. Qd4 Reh6 30. Rhg1 a4 31. Nf3 Rg7 32. Nd3 Re6 33. Nc5 Ree7 34.
Kd2 Qf7 35. Ne5 Qf6 36. f4 gxf4 37. gxf4 Ng3 38. Kd3 Qh6 39. Rg2 Ne4 40. Rag1
Nf2+ 41. Kc3 Ng4 42. Ncd3 Qh3 43. Rg3 Qh2 44. Kb2 Bd7 45. R1g2 Qh5 46. Qc3 Kf8
47. Nxc6 Bxc6 48. Qxc6 Nxe3 49. Rxg7 Nc4+ 50. Ka2 Rxg7 51. Qc8+ 1-0

[Event "43. Olimpiada Batumi 2018 Femenina"]
[Site "Batumi GEO"]
[Date "2018.09.28"]
[Round "5.4"]
[White "Moaataz, Ayah"]
[Black "Baymuratova, Sevara"]
[Result "0-1"]
[WhiteElo "2020"]
[BlackElo "2124"]
[PlyCount "128"]
[EventDate "2018.09.24"]
[EventType "team-swiss"]
[EventRounds "11"]
[EventCountry "GEO"]
[SourceTitle "Ajedrez en Madrid"]
[Source "lmi"]
[SourceDate "2018.09.24"]
[WhiteTeam "Egypt"]
[BlackTeam "Uzbekistan"]
[WhiteTeamCountry "EGY"]
[BlackTeamCountry "UZB"]

1. c4 c5 2. g3 g6 3. Bg2 Bg7 4. Nc3 Nc6 5. a3 e6 6. b4 d6 7. Rb1 Nge7 8. Nf3
O-O 9. O-O b6 10. Qc2 Bb7 11. d3 Qd7 12. e4 Rac8 13. b5 Nd4 14. Qd2 d5 15. cxd5
exd5 16. Ng5 dxe4 17. Ngxe4 Rcd8 18. Qa2 Nd5 19. Bb2 Nxc3 20. Bxc3 Bxe4 21.
Bxe4 Nxb5 22. Bxg7 Kxg7 23. Qc4 Nd4 24. Qa6 Rfe8 25. Rfe1 Re7 26. Bg2 Rde8 27.
Rf1 Re2 28. a4 Ra2 29. Ra1 Ree2 30. Qc4 Rac2 31. Qd5 Qxd5 32. Bxd5 Red2 33. Kg2
Rb2 34. Bc4 Nc2 35. Rac1 Ne3+ 36. Kf3 Nxf1 37. Rxf1 Kf6 38. h4 h6 39. g4 g5 40.
hxg5+ hxg5 41. Ke3 Re2+ 42. Kf3 Rec2 43. Bb5 Ke5 44. Re1+ Kd6 45. Rf1 a5 46.
Ke3 Ke5 47. Bc4 f6 48. Ba6 Re2+ 49. Kf3 Kd4 50. Kg3 Rb4 51. Kf3 Ra2 52. Re1
Rbb2 53. Re4+ Kc3 54. Rc4+ Kb3 55. Bb5 Rxf2+ 56. Ke4 Rac2 57. Rxc2 Kxc2 58. Kd5
Kc3 59. Kc6 Rf4 60. Kxb6 Kb4 61. Bd7 Rd4 62. Bf5 Rd6+ 63. Kc7 Rd5 64. Kc6 Rxf5
0-1

[Event "43. Olimpiada Batumi 2018 Femenina"]
[Site "Batumi GEO"]
[Date "2018.09.28"]
[Round "5.1"]
[White "Castrillon Gomez, Melissa"]
[Black "Bulmaga, Irina"]
[Result "1/2-1/2"]
[WhiteElo "2248"]
[BlackElo "2394"]
[PlyCount "156"]
[EventDate "2018.09.24"]
[EventType "team-swiss"]
[EventRounds "11"]
[EventCountry "GEO"]
[SourceTitle "Ajedrez en Madrid"]
[Source "lmi"]
[SourceDate "2018.09.24"]
[WhiteTeam "Colombia"]
[BlackTeam "Romania"]
[WhiteTeamCountry "COL"]
[BlackTeamCountry "ROU"]

1. Nf3 Nf6 2. c4 e6 3. g3 d5 4. Bg2 dxc4 5. Qa4+ Bd7 6. Qxc4 c5 7. Ne5 Qc8 8.
Nxd7 Qxd7 9. b3 Nc6 10. Bb2 Be7 11. d3 O-O 12. Nd2 Rac8 13. O-O Rfd8 14. Nf3
Nd4 15. Rfe1 b5 16. Qc1 Nd5 17. Qd2 h6 18. Nxd4 cxd4 19. Bxd5 Qxd5 20. Rec1 Bg5
21. f4 Bf6 22. Rxc8 Rxc8 23. Rc1 Rxc1+ 24. Qxc1 Qh5 25. Qc2 b4 26. Qc4 Qxe2 27.
Bxd4 Bxd4+ 28. Qxd4 Qd1+ 29. Kg2 Qc2+ 30. Kf3 a5 31. Qd8+ Kh7 32. Qxa5 Qxd3+
33. Kf2 Qd2+ 34. Kf3 Qxh2 35. Qxb4 Qxa2 36. Qb7 Qb2 37. b4 Qc3+ 38. Kg2 Qc2+
39. Kf3 Qd3+ 40. Kf2 f6 41. Qb6 Qd2+ 42. Kf3 Qc3+ 43. Kf2 e5 44. fxe5 fxe5 45.
Qc5 Qd2+ 46. Kf3 Qd3+ 47. Kf2 e4 48. Qf5+ Kg8 49. Qc8+ Kf7 50. Qf5+ Ke7 51.
Qe5+ Kd8 52. Qa5+ Kd7 53. Qa7+ Ke6 54. Qe3 Qd5 55. Qb6+ Kf7 56. Ke3 Qd3+ 57.
Kf4 g5+ 58. Ke5 Qxg3+ 59. Kxe4 Qf4+ 60. Kd3 g4 61. b5 Qf3+ 62. Kd2 Qd5+ 63. Kc3
Qe5+ 64. Kd2 Qf4+ 65. Ke2 g3 66. Qb7+ Kg6 67. Qc6+ Kg5 68. b6 Qf2+ 69. Kd3 Qf1+
70. Kd2 g2 71. Qc5+ Kg4 72. Qd4+ Qf4+ 73. Qxf4+ Kxf4 74. b7 g1=Q 75. b8=Q+ Ke4
76. Qb4+ Ke5 77. Qe7+ Kd5 78. Qd7+ Ke5 1/2-1/2

[Event "43. Olimpiada Batumi 2018 Femenina"]
[Site "Batumi GEO"]
[Date "2018.09.28"]
[Round "5.2"]
[White "Peptan, Corina-Isabela"]
[Black "Rivera, Ingris"]
[Result "1-0"]
[WhiteElo "2374"]
[BlackElo "2227"]
[PlyCount "129"]
[EventDate "2018.09.24"]
[EventType "team-swiss"]
[EventRounds "11"]
[EventCountry "GEO"]
[SourceTitle "Ajedrez en Madrid"]
[Source "lmi"]
[SourceDate "2018.09.24"]
[WhiteTeam "Romania"]
[BlackTeam "Colombia"]
[WhiteTeamCountry "ROU"]
[BlackTeamCountry "COL"]

1. d4 Nf6 2. Nf3 g6 3. Nbd2 d5 4. b4 Bg7 5. e3 O-O 6. c4 c6 7. Be2 a5 8. b5
dxc4 9. Bxc4 Nd5 10. bxc6 Nxc6 11. Bb2 a4 12. a3 Nc7 13. Rc1 Bd7 14. O-O b5 15.
Bd3 Qb8 16. Rc5 Qb6 17. Qc2 Rfc8 18. Rc1 Ne6 19. Rxb5 Qd8 20. Qd1 Ncxd4 21. Rb4
Nc6 22. Rb7 Na5 23. Rb4 Nc6 24. Rb7 Na5 25. Rb4 Nc5 26. Bf1 Nab3 27. Nxb3 Nxb3
28. Rxc8 Rxc8 29. Bxg7 Kxg7 30. Nd4 Be8 31. Qe2 Nc1 32. Qb2 Kg8 33. Rc4 Nb3 34.
Rxc8 Qxc8 35. Nxb3 axb3 36. Qxb3 Qc1 37. Qb8 Kf8 38. g3 f6 39. h4 Kf7 40. Qb3+
Kg7 41. Qb4 Kf8 42. a4 Bd7 43. a5 Bh3 44. Qc4 Qa1 45. a6 Kg7 46. Qe2 h5 47. f3
e5 48. Kf2 Bxf1 49. Qxf1 Qa4 50. Qd3 Qa2+ 51. Qe2 Qa4 52. Kg2 Qa1 53. Qb5 Qa2+
54. Kf1 Qa1+ 55. Ke2 Qa2+ 56. Kd3 Qa3+ 57. Kc4 Qc1+ 58. Kd5 Qxe3 59. Qb7+ Kh6
60. Ke6 e4 61. fxe4 Qxg3 62. a7 Qh3+ 63. Kf7 Qc3 64. a8=Q Qc4+ 65. Kf8 1-0

[Event "43. Olimpiada Batumi 2018 Femenina"]
[Site "Batumi GEO"]
[Date "2018.09.28"]
[Round "5.3"]
[White "Rodriguez Rueda, Paula Andrea"]
[Black "Cosma, Elena-Luminita"]
[Result "1/2-1/2"]
[WhiteElo "2298"]
[BlackElo "2328"]
[PlyCount "183"]
[EventDate "2018.09.24"]
[EventType "team-swiss"]
[EventRounds "11"]
[EventCountry "GEO"]
[SourceTitle "Ajedrez en Madrid"]
[Source "lmi"]
[SourceDate "2018.09.24"]
[WhiteTeam "Colombia"]
[BlackTeam "Romania"]
[WhiteTeamCountry "COL"]
[BlackTeamCountry "ROU"]

1. d4 d5 2. c4 e6 3. Nc3 Nf6 4. Bg5 Be7 5. Nf3 h6 6. Bh4 O-O 7. e3 Ne4 8. Bxe7
Qxe7 9. Qc2 Nxc3 10. Qxc3 dxc4 11. Bxc4 b6 12. O-O Bb7 13. Be2 c5 14. dxc5 Rc8
15. b4 Nd7 16. Rfd1 bxc5 17. b5 a6 18. a4 axb5 19. axb5 Nb6 20. Nd2 Qg5 21. e4
c4 22. Rxa8 Bxa8 23. Qd4 Rd8 24. Qxb6 Rxd2 25. Rxd2 Qxd2 26. Bxc4 Bxe4 27. Bf1
Qd1 28. Qc7 Kh7 29. Qc4 f5 30. h3 Qb1 31. Kh2 Qb2 32. Qc5 Qb1 33. Be2 Qb2 34.
Bf3 Bd5 35. Bxd5 exd5 36. f4 d4 37. Qxf5+ Kg8 38. Qe6+ Kh7 39. b6 d3 40. Qf5+
Kh8 41. Qc8+ Kh7 42. b7 d2 43. b8=Q Qxb8 44. Qxb8 d1=Q 45. Qe5 Qc2 46. h4 Qf2
47. Kh3 Kh8 48. f5 Kh7 49. Qe4 Kh8 50. h5 Qb2 51. Qe8+ Kh7 52. Qg6+ Kh8 53. f6
Qb3+ 54. Kh2 Qb8+ 55. Kh1 Qc7 56. Qe8+ Kh7 57. f7 Qc1+ 58. Kh2 Qf4+ 59. Kg1
Qd4+ 60. Kf1 Qc4+ 61. Ke1 Qc1+ 62. Ke2 Qc2+ 63. Kf3 Qf5+ 64. Ke3 Qc5+ 65. Ke4
Qc4+ 66. Kf5 Qf1+ 67. Ke5 Qe2+ 68. Kd6 Qd3+ 69. Kc7 Qg3+ 70. Kc8 Qc3+ 71. Kd8
Qa5+ 72. Kd7 Qd5+ 73. Kc7 Qa5+ 74. Kb7 Qb4+ 75. Ka6 Qc4+ 76. Ka5 Qc3+ 77. Kb5
Qb3+ 78. Kc5 Qc3+ 79. Kd5 Qd3+ 80. Ke5 Qe3+ 81. Kf5 Qf2+ 82. Ke6 Qe3+ 83. Kd7
Qd4+ 84. Kc8 Qc5+ 85. Kb7 Qb4+ 86. Kc6 Qc4+ 87. Kb6 Qd4+ 88. Kb5 Qd3+ 89. Kb4
Qd4+ 90. Kb5 Qd3+ 91. Kb4 Qd4+ 92. Kb5 1/2-1/2